000 01650 a2200205 4500
001 54283
005 20260407155814.0
008 260407a1974 arg spa d
003 AR-UNSa-BCEJYS
040 _aAR-UNSa-BCEJYS
_bspa
_cAR-UNSa-BCEJYS
080 _a336.748
_xPrecios del cambio de monedas. Movimientos de los precios de cambio. Fluctuaciones en los precios de cambio (Inflación, Deflación)
245 1 0 _aLa economía en los procesos inflacionarios
020 _a84 335 3332 0
264 1 _aBuenos Aires :
_bEditorial Labor
_c1974
300 _a267 p.
_c22 cm.
505 _a1.La naturaleza de la inflación(1) - 2. La naturaleza de la inflación(2) - 3. Procesos inflacionistas:Inflación de pugna por la renta - 4. Procesos inflacionistas: Inflación de exceso de demanda - 5. Procesos inflacionistas: Escasez de mano de obra e inflación general - 6. Estabilización - 7. La velocidad de inflación - 8. La inflación y los precios relativos - 9. Implicación de los cambios de la estructura de precios - 10. La inflación y la relación real de intercambio - 11. La inflación y la relación de intercambio(continuación) - 12. Efectos interiores de las variaciones de la relación real de intercambio - 13. La inflación y la situación exterior de un paía banquero - 14. Aranceles de importación,subvenciones a la exportación y controles de intercambio - 15. Expansión e inflación - 16. Naturaleza e importancia de los efectos de la inflación - 17. Efectos directos de la inflación - 18. Ahorro,inversión y tasa de crecimiento
942 _cBK
590 _aniveau_biblio:m niveau_hierar:0
100 1 _aZawadzki, K.K.F.
999 _c5452
_d5452